Co-production and personalisation in social care (Record no. 37701)
[ view plain ]
| 000 -LEADER | |
|---|---|
| fixed length control field | 01431nam a2200349Ia 4500 |
| 082 04 - DEWEY DECIMAL CLASSIFICATION NUMBER | |
| Classification number | 361.25 |
| 245 00 - TITLE STATEMENT | |
| Title | Co-production and personalisation in social care |
| 260 ## - PUBLICATION, DISTRIBUTION, ETC. (IMPRINT) | |
| Place of publication | London : |
| Name of publisher | Jessica Kingsley Publishers, |
| Year of publication | 2007. |
| 300 ## - PHYSICAL DESCRIPTION | |
| Number of Pages | 167 p. : |
| Other physical details | ill. |
| 490 1# - SERIES STATEMENT | |
| Series statement | Research highlights in social work ; |
| 650 #0 - SUBJECT ADDED ENTRY--TOPICAL TERM | |
| Topical Term | Social planning |
| Topical Term | Social service |
| 700 1# - ADDED ENTRY--PERSONAL NAME | |
| Personal name | Hunter, Susan. |
| Personal name | Ritchie, Pete. |
| 856 40 - ELECTRONIC LOCATION AND ACCESS | |
| Uniform Resource Identifier | http://site.ebrary.com/lib/rucke/Doc?id=10237075 |
No items available.
